000 01031nam a22002897a 4500
005 20170612123614.0
010 _aBAC-EN21/ENG-107659
020 _a9781259029547
_c295.00
020 _a1259029549
_c295.00
020 _a9781259029547
_c399.00 (AV)
035 _aEN-91192
035 _aB-585555-588
035 _aB-669661
037 _bAsian Book Centre/Ven
_adpl
037 _bDBAD/PUB
082 _a005.73
100 _aBalagurusamy, E
245 _aData structures using c /
_cby E Balagurusamy
260 _bTata McGraw Hill
_c2013
_aNew Delhi
270 _aP-24, Green Park Extnsion
_bNew Delhi
_e110016
300 _axii, 315 p.
_c24cm(pbk)
_bill.
500 _aIncludes index.
500 _aSupply received revised price Rs. 325.00
942 _2ddc
_cEN
_mBAL
_h005.73
999 _c76949
_d76949